Handbook of survey research
Gardado en:
| Main Authors: | , |
|---|---|
| Formato: | Libro |
| Idioma: | inglés |
| Publicado: |
San Diego
Emerald Group
2010
|
| Edición: | 2a. ed |
| Subjects: | |
| Tags: |
Engadir etiqueta
Sen Etiquetas, Sexa o primeiro en etiquetar este rexistro!
|
MARC
| LEADER | 00000nam a2200000 a 4500 | ||
|---|---|---|---|
| 001 | UCG3118 | ||
| 003 | CL-VaPUC | ||
| 008 | 100812e20100000US |||||||||||||||||eng|d | ||
| 020 | |a 9781848552241 | ||
| 082 | 0 | 4 | |a 301.0723 |b MAR |2 21 |
| 100 | |a Marsden, Peter V. |e autor |9 552001 | ||
| 700 | 0 | |a Wright, James D |e author |9 552002 | |
| 245 | 1 | 0 | |a Handbook of survey research |
| 250 | |a 2a. ed | ||
| 300 | |a 886 p | ||
| 942 | |c BK | ||
| 945 | |d 20100812 00:00:00 |a mfarfan | ||
| 260 | |a San Diego |b Emerald Group |c 2010 | ||
| 650 | 7 | |a ENCUESTAS SOCIALES |2 CL-VaPUC |9 271428 | |
| 650 | 0 | |a Estadística |9 259535 | |
| 650 | 0 | |a Ciencias sociales |9 256351 | |
| 583 | |a last modification |c 20100812 00:00:00 |k Rodrigo Vera | ||
| 999 | |c 342214 |d 342212 | ||
| 952 | |0 0 |1 0 |4 0 |6 301_072300000000000_MAR_2010 |7 0 |8 A |9 438280 |a BIBCUR |b BIBCUR |d 2019-11-22 |i 4704436 |l 1 |o 301.0723 MAR 2010 |p 4704436 |r 2025-04-22 |s 2024-11-21 |w 2019-11-22 |y BK |k PER | ||